[Event "Gothenburg op"]
[Site "Gothenburg"]
[Date "2017.08.18"]
[Round "3"]
[White "Forsberg, Timmy"]
[Black "Antonsen, Mikkel"]
[Result "0-1"]
[WhiteElo "2093"]
[BlackElo "2440"]
[PlyCount "46"]
[EventDate "2017.08.18"]
[EventType "swiss"]
[EventRounds "8"]
[EventCountry "SWE"]
[SourceTitle "CBM 180 Extra"]
[Source "ChessBase"]
[SourceDate "2017.10.06"]
[SourceVersion "1"]
[SourceVersionDate "2017.10.06"]
[SourceQuality "1"]

1. d4 Nf6 2. Bg5 d5 3. Bxf6 exf6 4. e3 Be6 5. g3 Nd7 6. Bg2 c6 7. Ne2 Bd6 8. 0-0 0-0 9. Nd2 f5 10. b3 Nf6 11. c4 Ne4 12. c5 Bc7 13. b4 g5 14. a4 Kh8 15. Nb3 Rg8 16. f3 Nf6 17. Qd3 Qe7 18. Nc3 f4 19. Kf2 Bf5 20. e4 Bg6 21. Qe2 dxe4 22. fxe4 Qe6 23. d5 fxg3+ 0-1

[Event "Deltalift op"]
[Site "Tylosand"]
[Date "2015.05.15"]
[Round "6"]
[White "Hansen, Lars"]
[Black "Forsberg, Timmy"]
[Result "0-1"]
[WhiteElo "2239"]
[BlackElo "2045"]
[PlyCount "80"]
[EventDate "2015.05.14"]
[EventType "swiss"]
[EventRounds "8"]
[EventCountry "SWE"]
[SourceTitle "CBM 166 Extra"]
[Source "ChessBase"]
[SourceDate "2015.06.18"]
[SourceVersion "1"]
[SourceVersionDate "2015.06.18"]
[SourceQuality "1"]

1. d4 d5 2. c4 dxc4 3. Nf3 Nf6 4. e3 e6 5. Bxc4 c5 6. 0-0 a6 7. Qe2 b5 8. Bb3 Bb7 9. Rd1 Nbd7 10. Nc3 Qb8 11. e4 cxd4 12. Nxd4 Bd6 13. e5 Bxe5 14. Nxe6 fxe6 15. f4 Bxf4 16. Qxe6+ Kd8 17. Bxf4 Qxf4 18. Rac1 Re8 19. Qb6+ Qc7 20. Qd4 Qc6 21. Nd5 Qd6 22. Qh4 Re2 23. Nf4 Qb6+ 24. Kh1 Re5 25. Qg3 Ne4 26. Rxd7+ Kxd7 27. Qxg7+ Kd8 28. Qg8+ Re8 29. Ne6+ Qxe6 30. Bxe6 Rxg8 31. Bxg8 Nf6 32. Be6 Be4 33. Kg1 Ra7 34. Rc8+ Ke7 35. Bh3 Bd5 36. b3 Be6 37. Bxe6 Kxe6 38. Rc6+ Ke5 39. Kf2 Nd5 40. g3 Nb4 0-1

[Event "Deltalift op"]
[Site "Tylosand"]
[Date "2015.05.14"]
[Round "2"]
[White "Haugli, Petter"]
[Black "Forsberg, Timmy"]
[Result "1/2-1/2"]
[WhiteElo "2256"]
[BlackElo "2045"]
[PlyCount "68"]
[EventDate "2015.05.14"]
[EventType "swiss"]
[EventRounds "8"]
[EventCountry "SWE"]
[SourceTitle "CBM 166 Extra"]
[Source "ChessBase"]
[SourceDate "2015.06.18"]
[SourceVersion "1"]
[SourceVersionDate "2015.06.18"]
[SourceQuality "1"]

1. d4 d5 2. c4 dxc4 3. Nf3 Nf6 4. e3 e6 5. Bxc4 c5 6. 0-0 a6 7. dxc5 Bxc5 8. Qxd8+ Kxd8 9. Nbd2 Nbd7 10. Be2 Ke7 11. a3 b6 12. b4 Bd6 13. Nc4 Bc7 14. Bb2 Bb7 15. Rac1 Rac8 16. a4 Rhd8 17. Nd4 e5 18. Nf5+ Kf8 19. Ncd6 Bxd6 20. Nxd6 Rxc1 21. Rxc1 Bd5 22. Bxa6 Nb8 23. Bb5 Rxd6 24. Rc8+ Ke7 25. Rxb8 Bc6 26. h3 Bxb5 27. axb5 Nd7 28. Rg8 Rd1+ 29. Kh2 Rd2 30. Bc3 Rc2 31. Be1 Re2 32. Bc3 Rc2 33. Be1 Re2 34. Bc3 Rc2 1/2-1/2

[Event "SWE-chT2 1011"]
[Site "Sweden"]
[Date "2011.03.12"]
[Round "8"]
[White "Forsberg, Timmy"]
[Black "Nygren, Kim"]
[Result "1-0"]
[WhiteElo "1891"]
[BlackElo "2252"]
[PlyCount "67"]
[EventDate "2010.10.23"]
[EventType "team-tourn"]
[EventRounds "9"]
[EventCountry "SWE"]
[SourceTitle "EXT 2012"]
[Source "ChessBase"]
[SourceDate "2011.11.24"]
[SourceVersion "1"]
[SourceVersionDate "2011.11.24"]
[SourceQuality "1"]
[WhiteTeam "Mark"]
[BlackTeam "Orebro"]
[WhiteTeamCountry "SWE"]
[BlackTeamCountry "SWE"]

1. d4 d5 2. c4 Nc6 3. cxd5 Qxd5 4. e3 e5 5. Nc3 Bb4 6. Bd2 Bxc3 7. Bxc3 exd4 8. Ne2 Bg4 9. f3 Nf6 10. Nxd4 0-0-0 11. Qa4 Qg5 12. Kf2 Nd5 13. Re1 Nxc3 14. bxc3 Qh4+ 15. g3 Qf6 16. f4 g5 17. h4 gxf4 18. gxf4 Rhe8 19. Bg2 Rd6 20. Qb5 Re5 21. Qb2 Ra5 22. Rb1 b6 23. Nb5 Rxb5 24. Qxb5 Rd2+ 25. Kg3 Bd7 26. Rbd1 Qxc3 27. Rxd2 Qxe3+ 28. Bf3 Qxd2 29. Rd1 Nb4 30. Qe5 f6 31. Qxf6 Qe3 32. Qf8+ Be8 33. Qxb4 Bc6 34. Qb3 1-0

[Event "SWE-chT2 1011"]
[Site "Sweden"]
[Date "2010.10.24"]
[Round "1"]
[White "Forsberg, Timmy"]
[Black "Abedinov, Adnan"]
[Result "1-0"]
[WhiteElo "1891"]
[BlackElo "2123"]
[PlyCount "79"]
[EventDate "2010.10.23"]
[EventType "team-tourn"]
[EventRounds "9"]
[EventCountry "SWE"]
[SourceTitle "EXT 2012"]
[Source "ChessBase"]
[SourceDate "2011.11.24"]
[SourceVersion "1"]
[SourceVersionDate "2011.11.24"]
[SourceQuality "1"]
[WhiteTeam "Mark"]
[BlackTeam "Malmo"]
[WhiteTeamCountry "SWE"]
[BlackTeamCountry "SWE"]

1. d4 f5 2. Nc3 d5 3. Bf4 Nf6 4. e3 e6 5. Nf3 Bd6 6. Bd3 0-0 7. 0-0 Bd7 8. Ne2 Ne4 9. Bxe4 fxe4 10. Nd2 Nc6 11. f3 Bxf4 12. Nxf4 g5 13. Nh5 Be8 14. fxe4 Rxf1+ 15. Kxf1 Bg6 16. e5 Nb4 17. Nf6+ Kh8 18. e4 dxe4 19. Ndxe4 Nd5 20. Nxd5 Qxd5 21. Nxg5 h6 22. Nf3 Rf8 23. Kf2 Qd8 24. Qd2 Kg7 25. Kg1 Be4 26. Rf1 Qd5 27. b3 b5 28. c3 c5 29. Qe3 c4 30. b4 Bd3 31. Rf2 a5 32. bxa5 Qd8 33. Ne1 Bf5 34. Nf3 Qxa5 35. Nh4 b4 36. g4 b3 37. axb3 cxb3 38. gxf5 b2 39. Qg3+ Kf7 40. Qg6+ 1-0

[Event "Baltic Sea Chess Stars"]
[Site "Narva"]
[Date "2009.10.05"]
[Round "1.1"]
[White "Forsberg, Timmy"]
[Black "Pakhomov, Egor"]
[Result "0-1"]
[WhiteElo "1885"]
[BlackElo "2371"]
[PlyCount "98"]
[EventDate "2009.10.05"]
[EventType "team-tourn"]
[EventRounds "7"]
[EventCountry "EST"]
[SourceTitle "EXT 2011"]
[Source "ChessBase"]
[SourceDate "2010.11.26"]
[SourceVersion "1"]
[SourceVersionDate "2010.11.26"]
[SourceQuality "1"]
[WhiteTeam "Sweden (U18)"]
[BlackTeam "Russia (U18)"]
[WhiteTeamCountry "SWE"]
[BlackTeamCountry "RUS"]

1. d4 Nf6 2. Bg5 e6 3. e4 h6 4. Bxf6 Qxf6 5. c3 d6 6. Bd3 e5 7. Ne2 g5 8. Na3 Bg7 9. 0-0 0-0 10. Nc4 exd4 11. Nxd4 Nc6 12. Ne2 Be6 13. f4 d5 14. exd5 Bxd5 15. Ne3 Ne7 16. Kh1 Rad8 17. Qc2 Qe6 18. Nf5 Nxf5 19. Bxf5 Qc6 20. Ng3 Rfe8 21. Nh5 Qb5 22. Ng3 Bc4 23. a4 Qb6 24. Rf3 Bb3 25. Qf2 Qxf2 26. Rxf2 gxf4 27. Rxf4 Rd2 28. Rb4 Bd5 29. Bh3 a5 30. Rg4 Kf8 31. Nf5 Rde2 32. Kg1 Be5 33. Nxh6 Rxb2 34. Rg8+ Ke7 35. Rxe8+ Kxe8 36. Re1 f6 37. Ng4 Ke7 38. Nxe5 fxe5 39. c4 Bxc4 40. Rxe5+ Kd6 41. Rxa5 c5 42. Ra8 Bd5 43. a5 c4 44. a6 b5 45. Rd8+ Kc5 46. a7 Ra2 47. Rd7 c3 48. g3 c2 49. Rc7+ Bc6 0-1